<?xml version="1.0" encoding="UTF-8"?>
<marc:record xmlns:marc="http://www.loc.gov/MARC21/slim">
   <marc:leader>00000nam a2200000 a 4500</marc:leader>
   <marc:datafield ind1="1" ind2=" " tag="100">
      <marc:subfield code="a">Specht, Miryam</marc:subfield>
   </marc:datafield>
   <marc:datafield ind1="1" ind2=" " tag="100">
      <marc:subfield code="a">Naoura, Salah</marc:subfield>
   </marc:datafield>
   <marc:datafield ind1="0" ind2="0" tag="245">
      <marc:subfield code="a">Olga und Holger in Afrika</marc:subfield>
   </marc:datafield>
   <marc:datafield ind1="0" ind2="0" tag="245">
      <marc:subfield code="c">Salah Naoura. Miryam Specht</marc:subfield>
   </marc:datafield>
   <marc:datafield ind1=" " ind2="1" tag="264">
      <marc:subfield code="a">Stuttgart</marc:subfield>
      <marc:subfield code="b">Thienemann</marc:subfield>
      <marc:subfield code="c">2005</marc:subfield>
   </marc:datafield>
   <marc:datafield ind1="1" ind2=" " tag="520">
      <marc:subfield code="a">Ein Krokodil sucht seine Wurzeln. (ab 4) (JD) Das Krokodil Holger wohnt gerne bei Oma Olga. Trotzdem stellt es sich die Frage: Woher kam ich eigentlich? Aus einem Ei, erklärt die rüstige Oma, doch nicht nur das, das Ei stamme aus Afrika. Nun ist Holger nicht mehr zu halten, er muss dorthin. Zum Glück hat Olga das alte Flugzeug ihres Mannes aufbewahrt. Schnell werden Motor und Heck repariert und trotz Bruchlandung kommen sie heil in der Steppe Afrikas an. Holgers Suche nach seinesgleichen kann beginnen. Mit einem Kamel gelangen sie zum Nil, wo sie tatsächlich ein paar Eier finden, aus denen gerade winzige Krokodile schlüpfen. Als die Mutter auftaucht, jagt sie ihnen erst einen großen Schrecken ein. Als Holger sieht wie rührend sie mit ihren Kindern spielt, wird er zunächst traurig, weil er keine Krokodilmutter hat - dann aber erkennt er, eine Mutter hat er doch. Und ihm wird klar, dass nicht Afrika, sondern Oma Olgas Haus sein Zuhause ist. Lustige Bilder, eine einfache Geschichte und die Erkenntnis, dass man dort daheim ist, wo man geliebt wird. *bn* Sabine Huber</marc:subfield>
   </marc:datafield>
   <marc:datafield ind1=" " ind2=" " tag="020">
      <marc:subfield code="a">3522434986</marc:subfield>
      <marc:subfield code="9">3522434986</marc:subfield>
   </marc:datafield>
   <marc:datafield ind1=" " ind2=" " tag="300">
      <marc:subfield code="a">[13] Bl. : durchg. Ill. (farb.)</marc:subfield>
   </marc:datafield>
</marc:record>
